| 000 | 01419cam a2200409 i 4500 | ||
|---|---|---|---|
| 003 | EG-GICUC | ||
| 005 | 20260121101726.0 | ||
| 008 | 060110s2005 mnu frb 001 0 eng d | ||
| 020 |
_a9780314162694 _qalk. paper |
||
| 020 |
_a0314162690 _qalk. paper |
||
| 040 |
_aDLC _cDLC _dDLC _dEG-GICUC _beng _erda |
||
| 043 | _an-us--- | ||
| 050 | 0 | 0 |
_aKF4581 _b.P38 2005 |
| 082 | 0 | 4 |
_221 _a341.073 |
| 092 | 0 | 4 | _221 |
| 099 | _aLaw 11 2005 | ||
| 100 | 1 |
_aPaust, Jordan J., _d1943- |
|
| 245 | 1 | 0 |
_aInternational law and litigation in the U.S. / _cby Jordan J. Paust, Jon M. Van Dyke, Linda A. Malone. |
| 250 | _a2nd edition. | ||
| 264 |
_aSt. Paul, MN : _bThomson/West, _c2005. |
||
| 300 |
_axl, 1135 pages ; _c26 cm. |
||
| 336 |
_atext _2rdacontent |
||
| 337 |
_aComputer _2rdamedia |
||
| 338 |
_aOnline Resource _2rdacarrier |
||
| 440 | 0 | _aAmerican casebook series | |
| 500 | _aAccompanied by: Teacher's manual. 2006. | ||
| 504 | _aIncludes bibliographical references (p. vii-ix) and index. | ||
| 525 | _aKept up to date by supplements. | ||
| 650 | 0 |
_aInternational law _zUnited States _vCases. |
|
| 650 | 0 |
_aCriminal jurisdiction _zUnited States _vCases. |
|
| 650 | 0 |
_aImmunities of foreign states _zUnited States _vCases. |
|
| 700 | 1 |
_aFitzpatrick, Joan, _d1950- |
|
| 700 | 1 | _aVan Dyke, Jon M. | |
| 856 | 4 | 0 | _uhttps://fll.law.cu.edu.eg/fulltext/bks/ENGB11-00063.pdf |
| 905 | _a10 | ||
| 942 |
_2ddc _cBK _e21 _n0 |
||
| 999 |
_c56981 _d56981 |
||